000 00271nam a2200097Ia 4500
001 692150
005 20250826161849.0
008 250824s9999 xx 000 0 und d
245 0 _aOSMANLI TÜRKÇESİ GRAMERİ 3/F.K.TİMURTAŞ/ALFA
_cFARUK KADRİ TİMURTAŞ
260 _bALFA
999 _c692150
_d692150